MARC

LEADER 00000nam0a2200000 4500
001 142150
005 20231031142646.0
010 |a 5648007191 
035 |a (RuTPU)RU\TPU\book\154056 
090 |a 142150 
100 |a 20080902d1990 m y0rusy50 ca 
101 0 |a rus 
102 |a UZ 
105 |a a z 001zy 
200 1 |a Преобразование частоты лазерного излучения с предельной эффективностью  |f А. А. Гуламов [и др.]  |g Академия наук Узбекской ССР (АН УзССР) ; Институт электроники им. У. А. Арифова ; под ред. М. С. Саидова 
210 |a Ташкент  |c Фан  |d 1990 
215 |a 148 с.  |c ил. 
320 |a Библиогр.: с.138-146. 
610 1 |a нелинейные процессы 
610 1 |a теория 
610 1 |a волны 
610 1 |a взаимодействия 
610 1 |a преобразование частоты 
610 1 |a квантовые генераторы 
610 1 |a частотные характеристики 
610 1 |a лазерные излучения 
610 1 |a генерация 
610 1 |a гармоники 
610 1 |a лазеры 
675 |a 621.373.826  |v 3 
701 1 |a Гуламов  |b А. А.  |g Алишер Абдумаликович 
701 1 |a Ибрагимов  |b Э. А.-Ф.  |g Эдем Амет-Фатинович 
701 1 |a Редкоречев  |b В. И.  |g Вячеслав Иванович 
701 1 |a Усманов  |b Т. Б.  |g Тимурбек 
702 1 |a Саидов  |b М. С.  |g Мухтар Сафарбаевич  |4 340 
712 0 2 |a Академия наук Узбекской ССР (АН УзССР)  |b Институт электроники  |2 stltpush  |3 (RuTPU)RU\TPU\col\15428 
801 1 |a RU  |b 63413507  |c 20080902  |g PSBO 
801 2 |a RU  |b 63413507  |c 20091222  |g PSBO 
942 |c BK